Ideario y ruta de la emancipación chilena
Kaydedildi:
| Yazar: | |
|---|---|
| Materyal Türü: | Kitap |
| Dil: | İspanyolca |
| Baskı/Yayın Bilgisi: |
Santiago, Chile
Universitaria
1995
|
| Edisyon: | Vigésimo tercera edición |
| Seri Bilgileri: | Colección Imagen de Chile
|
| Konular: | |
| Etiketler: |
Etiketle
Etiket eklenmemiş, İlk siz ekleyin!
|
MARC
| LEADER | 00000nam a2200000 a 4500 | ||
|---|---|---|---|
| 001 | UCU9603 | ||
| 003 | CL-VaPUC | ||
| 005 | 20231215105920.0 | ||
| 008 | 960823e19950000CL |||||||||||||||||spa|d | ||
| 999 | |c 251315 |d 251313 | ||
| 040 | |c Pontificia Universidad Católica de Valparaíso | ||
| 082 | 0 | 4 | |a 983.04 EYZ 1995 |2 21 |
| 100 | |a Eyzaguirre Gutiérrez, Jaime |e autor |9 584583 | ||
| 245 | 1 | 0 | |a Ideario y ruta de la emancipación chilena |
| 250 | |a Vigésimo tercera edición | ||
| 260 | |a Santiago, Chile |b Universitaria |c 1995 | ||
| 300 | |a 159 páginas | ||
| 490 | 0 | |a Colección Imagen de Chile | |
| 583 | |a last modification |c 20160711 11:43:15 |k Rodrigo Vera | ||
| 650 | 0 | |a Historia de Chile |9 265473 | |
| 650 | 0 | |a Guerra |z ESPAÑA |z CHILE |9 255876 | |
| 650 | 0 | |a Aborígenes |z CHILE |9 329972 | |
| 650 | 0 | |a Derechos civiles y políticos |z CHILE |9 338684 | |
| 852 | |a BIBCUR | ||
| 942 | |c BK |2 ddc | ||
| 945 | |d 19960823 00:00:00 |a nastorga | ||
| 952 | |0 0 |1 0 |2 ddc |4 0 |6 983_040000000000000_EYZ_1995 |7 0 |8 A |9 270390 |a BIBHIS |b BIBHIS |d 2019-11-19 |i 3223922 |l 4 |o 983.04 EYZ 1995 |p 3223922 |r 2025-01-31 |s 2025-01-31 |t 1 |w 2019-11-19 |y BK |k HIS | ||